Responses for show #7205 - Friday, January 1, 2016

Alex uses a cane during the closing credits chat.

Contestants

[<< previous game]

Carl Holmgren, an investment advisor from Kalamazoo, Michigan

Deborah Henry, a retired attorney from Maineville, Ohio

Ashley Wilson, an organization development consultant from Alexandria, Virginia (whose 1-day cash winnings total $21,601)

[next game >>]

Jeopardy! Round responses

A NEW BABY
FAMOUS BELLS
BRIT SPEAK
OFFBEAT MUSEUMS
STATE CAPITAL RIVERS
JUST IN THE LAST FEW MONTHS
    $200 21
blue

Carl
    $200 12
Notre-Dame

Carl
    $200 1
the BBC

Ashley
    $200 6
(Carl: What is the knife?)

a hammer

DeborahCarl
    $200 7
Albany (New York)

Deborah
    $200 16
Havana

Ashley
    $400 22
burping

Ashley
    $400 13
(Ashley: What is Cambridge?)

Oxford

AshleyCarl
    $400 2
a Mac

Carl
    $400 27
pinball machines

Triple Stumper
    $400 8
Boston

Ashley
    $400 17
Charlotte

Ashley
    $600 23
the umbilical cord

Carl
    $600 14
the Liberty Bell

Deborah
    $600 3
a lorry

Carl
    $600 28
Michael Jackson

Carl
    $1,000 9
Baton Rouge & St. Paul

Ashley
    $600 18
the IMF (the International Monetary Fund)

Carl
    $800 24
jaundice

Ashley
    $800 15
the clapper (or the tongue)

Deborah
    $800 4
(Ashley: Uh, what is a... prescriptionist? Um...)

a pharmacist

AshleyDeborah
    $800 29
ramen

Triple Stumper
    $800 10
[Alex omits the word "River" when reading the clue.]

Harrisburg

Deborah
    $800 19
Kobe Bryant

Ashley
    $1000 25
(Alex: Less than a minute now.)

a fontanel

Ashley
    $1000 26
Big Ben

Ashley
    $1000 5
cinema

Carl
    $1000 30
a lunch box

Carl
    $1000 11
Atlanta

Triple Stumper
    $1000 20
FIFA

Ashley

Scores at the first commercial break (after clue 15):

Ashley Deborah Carl
$400 $3,400 $2,400

Scores at the end of the Jeopardy! Round:

Ashley Deborah Carl
$6,000 $3,400 $5,400

Double Jeopardy! Round responses

A NEW YEAR'S BABY
SCHOOLHOUSE ROCK
"LOP"SIDED WORDS
(Alex: Each correct response will end with "L-O-P".)
GENERAL SCIENCE
LITERARY AWARDS
WEDDING ISLE
    $400 26
Betsy Ross

Ashley
    $400 6
John Lennon

Carl
    $400 1
a scallop

Carl
    $400 25
iron

Carl
    $400 15
the Edgars

Ashley
    $400 20
Ireland

Ashley
    $800 27
Goldwater

Ashley
    $800 7
Hollaback Girl

Ashley
    $800 2
slop

Ashley
    $800 8
tungsten

Carl
    $800 16
the Newbery Medal

Deborah
    $800 21
Nevis

Ashley
    $1200 28
Hank Greenberg

Deborah
    $1200 9
"School's Out"

Deborah
    $1200 3
a belly flop

Ashley
    $1200 12
(Carl: What is superanhydrous?)

superabsorbent

AshleyCarl
    $1200 17
Philip Roth

Deborah
    $1200 22
Puerto Rico

Ashley
    $1600 29
(J.D.) Salinger

Ashley
    $1600 10
smoking

Ashley
    $1600 4
underdevelop

Deborah
    $1600 13
a fruit fly

Carl
    $2,000 18
Frederick Douglass

Deborah
    $2,000 23
Indonesia

Ashley
    $2000 30
Kim Philby

Deborah
    $2000 11
The Ramones

Carl
    $2000 5
envelop

Carl
    $2000 14
the Labrador current

Triple Stumper
    $2000 19
(Carl: What is the Man Brooker Prize?)
...
(Alex: You threw in one letter too many there, Carl.)

the Man Booker Prize

DeborahCarl
    $2000 24
(Alex: Less than a minute now, Ashley.)

Frigg (or Frige)

Triple Stumper

Scores at the end of the Double Jeopardy! Round:

Ashley Deborah Carl
$19,200 $15,400 $9,800

[wagering suggestions for these scores]

Final Jeopardy! Round responses

THE 18th CENTURY
CarlWhat is tea tax
$9,401
DeborahWhat was the Stamp Act?
$4,201
AshleyWhat is the Stamp act?
$11,601
the Stamp Act

Final scores:

Ashley Deborah Carl
$30,801 $19,601 $399
2-day champion: $52,402 2nd place: $2,000 3rd place: $1,000

Game dynamics:

Coryat scores:

Ashley Deborah Carl
$18,400 $15,000 $9,800
24 R
(including 2 DDs),
2 W
14 R
(including 1 DD),
0 W
17 R,
3 W

Combined Coryat: $43,200

The J! Archive is created by fans, for fans. The Jeopardy! game show and all elements thereof, including but not limited to copyright and trademark thereto, are the property of Jeopardy Productions, Inc. and are protected under law. This website is not affiliated with, sponsored by, or operated by Jeopardy Productions, Inc. Join the discussion at JBoard.tv.